[Event "Feignies op 7th"]
[Site "Feignies"]
[Date "2003.07.13"]
[Round "5"]
[White "Renard, Stephane"]
[Black "Kuczlak, Anemone"]
[Result "1-0"]
[WhiteElo "2024"]
[BlackElo "1600"]
[PlyCount "65"]
[EventDate "2003.07.11"]
[EventType "swiss"]
[EventRounds "7"]
[EventCountry "FRA"]
[SourceTitle "EXT 2020"]
[Source "ChessBase"]
[SourceDate "2019.10.17"]
[SourceVersion "1"]
[SourceVersionDate "2019.10.17"]
[SourceQuality "1"]

1. e4 d5 2. exd5 Qxd5 3. Nf3 Bg4 4. Be2 Nf6 5. d4 c6 6. c4 Qa5+ 7. Bd2 Qb6 8. Bc3 e6 9. 0-0 Be7 10. Nbd2 0-0 11. h3 Bf5 12. Nh4 Be4 13. f3 Bg6 14. Nxg6 fxg6 15. Ne4 Nh5 16. Qd2 Qc7 17. Rad1 Nf4 18. Rfe1 Bh4 19. g3 Nxh3+ 20. Kg2 Nf4+ 21. gxf4 Bxe1 22. Rxe1 Rxf4 23. Bb4 Rh4 24. Bd6 Qd7 25. c5 Na6 26. Bxa6 bxa6 27. Qe2 Qb7 28. Ng5 Re8 29. Nxe6 Qd7 30. Qc4 Kh8 31. Ng5 Rg4+ 32. fxg4 Qxg4+ 33. Bg3 1-0